000 00301nam a2200133Ia 4500
005 20260328104251.0
008 260328s9999||||xx |||||||||||||| ||und||
100 _aHowes, C.
245 0 _aPractica del Tapizado /
_cC. Howes
260 _bCead
300 _a165 p.
650 _aTAPIZADO
942 _cBK
999 _c10250
_d10250